000 01564nam a2200265 a 4500
001 000759052
003 AM-YeHGA
005 20260402142914.0
008 100914s2010 ai r 000|0 arm d
020 _z978-5-8080-0841-0
040 _aAM-YeHGA
041 0 _aarm
100 1 _aՍեդրակյան, Արտյոմ Սեդրակի
245 1 0 _aԶինվորական հանցագործությունները՝ որպես ռազմական անվտանգության դեմ ուղղված հանցագործություններ :
_bՔրեաիրավական և քրեաբանական հետազոտություն /
_cԱ.Ս. Սեդրակյան ; ՀՀ ԳԱԱ Միջազգային գիտակրթական կենտրոն.
246 1 5 _aВоинские преступления как преступления против военной безопасности :
_bуголовно-правовое исследование
246 1 5 _aMilitary crimes as crimes against military security :
_bA criminal law and criminological analysis
260 _aԵրևան :
_bԳիտություն,
_c2010.
300 _a200 էջ ;
_c21 սմ.
504 _aՄատենագիտ.՝ տողատակի ծանոթագր.
504 _aԳրականության ցանկ՝ էջ 187-199
650 1 4 _aՌազմական անվտանգություն
_xԶինվորական հանցագործություններ
710 2 _aԳիտությունների ազգային ակադեմիա ՀՀ
710 2 _aՄիջազգային գիտակրթական կենտրոն
942 _2udc
_cBK
999 _c280284
_d280284